[Event "13_Ascona_Chess_Open_2018"]
[Site "Hotel Ascona****, Via Signor i"]
[Date "2018.04.07"]
[Round "3.2"]
[White "Akshat, Khamparia"]
[Black "Boschetti, Claudio"]
[Result "1-0"]
[WhiteElo "2396"]
[BlackElo "2124"]
[PlyCount "57"]
[EventDate "2018.04.06"]

1. d4 Nf6 2. Bg5 d5 3. e3 Nbd7 4. c4 Ne4 5. Bf4 e6 6. Bd3 g5 7. Bg3 Bb4+ 8. Kf1
h5 9. f3 Nxg3+ 10. hxg3 Bd6 11. Ne2 c6 12. Nbc3 Nf6 13. f4 Ng4 14. Qd2 Qf6 15.
Ke1 Qg7 16. Ng1 gxf4 17. gxf4 Nxe3 18. Qxe3 Qxg2 19. Rh3 Qxb2 20. Rc1 e5 21.
fxe5 Ba3 22. Nge2 Bxh3 23. Qxh3 Qb6 24. Rb1 Qc7 25. cxd5 cxd5 26. Nxd5 Qa5+ 27.
Nec3 Kf8 28. Rxb7 Rd8 29. Qf5 1-0

[Event "13_Ascona_Chess_Open_2018"]
[Site "Hotel Ascona****, Via Signor i"]
[Date "2018.04.07"]
[Round "3.3"]
[White "Salzgeber, Frank"]
[Black "Kohlweyer, Bernd"]
[Result "0-1"]
[WhiteElo "2217"]
[BlackElo "2336"]
[PlyCount "84"]
[EventDate "2018.04.06"]

1. d4 d5 2. c4 c6 3. cxd5 cxd5 4. Bf4 Nc6 5. e3 Nf6 6. Nc3 a6 7. Bd3 Bg4 8. Qb3
Na5 9. Qa4+ Bd7 10. Qc2 Rc8 11. h3 e6 12. Nf3 Bb4 13. O-O O-O 14. Rfc1 Bxc3 15.
bxc3 Bb5 16. Ne5 Bxd3 17. Qxd3 Nd7 18. Nf3 h6 19. Rab1 Re8 20. Rb4 Rc6 21. g4
Qc8 22. Kg2 Rc4 23. Rc2 Qc6 24. Rxc4 Nxc4 25. Bg3 Rc8 26. Ng1 Na3 27. Rc1 Qb5
28. Qxb5 Nxb5 29. Ne2 Nb6 30. f3 Na4 31. Be1 Na3 32. f4 f5 33. Kf3 Rc6 34. h4
h5 35. gxh5 Rb6 36. h6 gxh6 37. h5 Kf7 38. Bh4 Rb1 39. Rxb1 Nxb1 40. Be1 b6 41.
Kf2 Nb2 42. Nc1 Nxc3 0-1

[Event "13_Ascona_Chess_Open_2018"]
[Site "Hotel Ascona****, Via Signor i"]
[Date "2018.04.07"]
[Round "3.4"]
[White "Coqueraut, Lodewyk"]
[Black "Mata, Adilson"]
[Result "0-1"]
[WhiteElo "1612"]
[BlackElo "2032"]
[PlyCount "110"]
[EventDate "2018.04.06"]

1. e4 e5 2. Nf3 Nc6 3. Bb5 a6 4. Ba4 Nf6 5. O-O Be7 6. Re1 b5 7. Bb3 O-O 8. c3
d5 9. exd5 Nxd5 10. Bc2 Bg4 11. d4 exd4 12. cxd4 Bxf3 13. Qxf3 Nxd4 14. Qd3
Nxc2 15. Qxc2 Bd6 16. g3 Re8 17. Bd2 Rxe1+ 18. Bxe1 Qe7 19. Nc3 Nf6 20. Bd2 Qd7
21. Ne4 Nxe4 22. Qxe4 Re8 23. Qf3 Bxg3 24. hxg3 Qxd2 25. Kg2 h6 26. Rd1 Qxb2
27. Qc6 Re6 28. Qxc7 Kh7 29. Rd7 Rf6 30. Qc5 Qxa2 31. Qe3 Qe6 32. Qd3+ Qf5 33.
Qd2 Qc5 34. Qd3+ g6 35. Rd4 Qf5 36. Qe3 Qe6 37. Qd2 Qc6+ 38. Kg1 Rf5 39. Rh4 h5
40. Rd4 Rc5 41. Qe2 Rc1+ 42. Rd1 Qc4 43. Qd2 Rxd1+ 44. Qxd1 a5 45. Qd8 a4 46.
Qa5 Qb3 47. g4 Qd1+ 48. Kh2 Qxg4 49. Qxb5 Kh6 50. Qb2 Kh7 51. Qa3 Qc4 52. Qe7
Qb3 53. Qe5 a3 54. f4 a2 55. Kg2 Qb1 0-1

[Event "13_Ascona_Chess_Open_2018"]
[Site "Hotel Ascona****, Via Signor i"]
[Date "2018.04.07"]
[Round "3.5"]
[White "Paterson, Andrew I"]
[Black "Trivic, Zoran"]
[Result "1-0"]
[WhiteElo "2017"]
[BlackElo "1641"]
[PlyCount "89"]
[EventDate "2018.04.06"]

1. c4 c5 2. Nc3 Nc6 3. g3 Nf6 4. Bg2 Ne5 5. d3 d6 6. Rb1 Rb8 7. a3 g6 8. b4 b6
9. f4 Ned7 10. e4 Bb7 11. Nge2 Bg7 12. O-O O-O 13. h3 e5 14. f5 Qe7 15. Be3
Rbd8 16. Qd2 Rfe8 17. g4 gxf5 18. Rxf5 Bc8 19. Bg5 Bb7 20. Rbf1 Rf8 21. Ng3 Qe6
22. Qf2 Nxg4 23. hxg4 f6 24. Bd2 h6 25. Nd5 Bxd5 26. exd5 Qf7 27. Be4 Qe7 28.
Qh2 Rf7 29. Rh5 Nf8 30. Bxh6 Bxh6 31. Rxh6 Nh7 32. Bxh7+ Rxh7 33. Rxh7 Qxh7 34.
Qxh7+ Kxh7 35. Rxf6 Rg8 36. Kf2 cxb4 37. axb4 a5 38. bxa5 bxa5 39. Rxd6 Ra8 40.
Rb6 Kg7 41. Rb3 a4 42. Ra3 Kf6 43. Kf3 Ke7 44. Ke4 Kf6 45. c5 1-0

[Event "13_Ascona_Chess_Open_2018"]
[Site "Hotel Ascona****, Via Signor i"]
[Date "2018.04.07"]
[Round "3.6"]
[White "Udipi, Kala Kishan"]
[Black "Aimi, Luca"]
[Result "0-1"]
[WhiteElo "1576"]
[BlackElo "1934"]
[PlyCount "80"]
[EventDate "2018.04.06"]

1. d4 e6 2. e4 d5 3. Nc3 Bb4 4. Bd3 dxe4 5. Bxe4 c5 6. Nge2 Nf6 7. Bf3 Nc6 8.
Bxc6+ bxc6 9. O-O cxd4 10. Nxd4 Bxc3 11. bxc3 O-O 12. Ba3 Re8 13. Nxc6 Qc7 14.
Qd6 Qxd6 15. Bxd6 Bb7 16. Na5 Ba6 17. Rfe1 Rac8 18. c4 Bxc4 19. Nxc4 Rxc4 20.
Rac1 Rec8 21. Re2 Nd5 22. c3 Nxc3 23. Rxc3 Rxc3 24. h3 Rc1+ 25. Kh2 R1c2 26.
Rxc2 Rxc2 27. a3 Rxf2 28. Bc5 Ra2 29. Bxa7 Rxa3 30. Bc5 Rc3 31. Bb4 Rc2 32. Bd6
f6 33. Kg3 e5 34. Kf3 Kf7 35. Bb8 Ke6 36. h4 f5 37. h5 e4+ 38. Kg3 g6 39. hxg6
hxg6 40. Bf4 Kf6 0-1

[Event "13_Ascona_Chess_Open_2018"]
[Site "Hotel Ascona****, Via Signor i"]
[Date "2018.04.07"]
[Round "3.7"]
[White "Urwyler, Nikash"]
[Black "Zecirovic, Giacomo"]
[Result "1/2-1/2"]
[WhiteElo "1921"]
[BlackElo "1595"]
[PlyCount "121"]
[EventDate "2018.04.06"]

1. e4 c5 2. Nf3 Nc6 3. Bb5 e6 4. O-O a6 5. Bxc6 bxc6 6. Nc3 d5 7. d3 g6 8. Ne5
Qc7 9. f4 Bg7 10. Nf3 Ne7 11. Kh1 O-O 12. Na4 Rb8 13. Nxc5 Bxb2 14. Bxb2 Rxb2
15. Nb3 Qd6 16. Nfd2 Qb4 17. Nb1 dxe4 18. dxe4 Qxe4 19. Rf2 Nd5 20. Qc1 Rxb3
21. cxb3 Qd4 22. Rb2 Nxf4 23. Qd2 Nd3 24. Nc3 e5 25. Rc2 e4 26. Re1 Re8 27. Qe3
Qe5 28. Rd1 f5 29. Na4 f4 30. Qe2 h5 31. h3 Bf5 32. Rxc6 Qd5 33. Rdc1 e3 34.
Kg1 Nxc1 35. Rxc1 Qd2 36. Re1 Qxe2 37. Rxe2 Rd8 38. Nc5 Rd1+ 39. Kh2 Rd2 40.
Re1 Rxa2 41. Kg1 Kf7 42. h4 Ke7 43. g3 Kd6 44. Na4 Ke5 45. Nc3 Rc2 46. gxf4+
Kd4 47. Nd1 e2 48. Nf2 Ke3 49. Nh1 Kd2 50. Kf2 Bg4 51. Ng3 Rc1 52. Ne4+ Kc2 53.
Rxc1+ Kxc1 54. Ke1 Kc2 55. Nc5 Kc3 56. Nxa6 Kxb3 57. Nb8 Kc4 58. Nc6 Kd5 59.
Ne7+ Ke4 60. Nxg6 Kf3 61. Ne5+ 1/2-1/2

[Event "13_Ascona_Chess_Open_2018"]
[Site "Hotel Ascona****, Via Signor i"]
[Date "2018.04.07"]
[Round "3.8"]
[White "Fischer, Gerd"]
[Black "Odermatt, Christoph"]
[Result "1-0"]
[WhiteElo "1842"]
[BlackElo "1529"]
[PlyCount "69"]
[EventDate "2018.04.06"]

1. d4 Nf6 2. c4 g6 3. Nc3 Bg7 4. e4 d6 5. h3 O-O 6. Nf3 e6 7. Be3 Re8 8. Be2 e5
9. d5 b6 10. O-O a5 11. Nd2 Bd7 12. b3 Na6 13. Qc2 h5 14. a3 Nh7 15. Nf3 f5 16.
exf5 Bxf5 17. Qd2 e4 18. Nd4 Bxd4 19. Qxd4 Qf6 20. Nb5 Qxd4 21. Nxd4 Bd7 22.
Rab1 Kg7 23. Rfc1 Nc5 24. b4 axb4 25. axb4 Nb7 26. Ra1 Nf6 27. Nc6 Rxa1 28.
Rxa1 Nd8 29. b5 Bxc6 30. bxc6 Nh7 31. Ra7 Re7 32. Bxb6 Nf7 33. Rxc7 Rxc7 34.
Bxc7 Nf6 35. Bb8 1-0

[Event "13_Ascona_Chess_Open_2018"]
[Site "Hotel Ascona****, Via Signor i"]
[Date "2018.04.07"]
[Round "3.9"]
[White "Strupat, Thomas"]
[Black "Neumann, Horst"]
[Result "0-1"]
[WhiteElo "1420"]
[BlackElo "1817"]
[PlyCount "53"]
[EventDate "2018.04.06"]

1. e4 c6 2. d4 d5 3. Nc3 g6 4. e5 Nh6 5. Be2 Nf5 6. Nf3 Nd7 7. O-O a6 8. Re1 e6
9. Bg5 Be7 10. Qd2 Bxg5 11. Nxg5 Nxd4 12. Qxd4 Qxg5 13. Bf3 c5 14. Qa4 O-O 15.
h4 Qe7 16. Qf4 Rd8 17. g3 b5 18. a3 Bb7 19. Kg2 Nb6 20. Qg5 Rd7 21. Rh1 Kg7 22.
b3 h6 23. Qxe7 Rxe7 24. Ne2 Nd7 25. Rae1 Nxe5 26. Nf4 Nxf3 27. Kxf3 0-1

[Event "13_Ascona_Chess_Open_2018"]
[Site "Hotel Ascona****, Via Signor i"]
[Date "2018.04.07"]
[Round "3.11"]
[White "Syed, Amir"]
[Black "Tuor, Elena"]
[Result "1-0"]
[WhiteElo "1775"]
[BlackElo "1469"]
[PlyCount "47"]
[EventDate "2018.04.06"]

1. e4 e5 2. Nf3 d6 3. d4 exd4 4. Nxd4 g6 5. Nc3 Bg7 6. Be3 Ne7 7. Bc4 Nbc6 8.
Qd2 Ne5 9. Bb3 c6 10. O-O-O Ng4 11. Bf4 Ne5 12. f3 Qa5 13. h4 h5 14. Kb1 d5 15.
exd5 cxd5 16. Ndb5 O-O 17. Qe2 N5c6 18. Bc7 Qb4 19. a3 Nd4 20. Rxd4 Qc5 21. Na4
Qc6 22. Qxe7 Bxd4 23. Nxd4 Qa6 24. Nc5 1-0

[Event "13_Ascona_Chess_Open_2018"]
[Site "Hotel Ascona****, Via Signor i"]
[Date "2018.04.07"]
[Round "3.12"]
[White "Zahner, Rolf"]
[Black "Di Cicco, Daniela"]
[Result "1-0"]
[WhiteElo "1497"]
[BlackElo "1200"]
[PlyCount "105"]
[EventDate "2018.04.06"]

1. e4 e6 2. d4 d5 3. e5 c5 4. c3 Bd7 5. a3 a6 6. b4 b6 7. Nf3 Bb5 8. Bd3 c4 9.
Bc2 Bd7 10. a4 Nc6 11. Be3 Be7 12. Nbd2 h6 13. Nf1 Bg5 14. Nxg5 hxg5 15. Qg4
Rh4 16. Qg3 Rh5 17. Qf3 g6 18. Bd1 Nh6 19. g4 Rh4 20. Qg2 f6 21. f4 Nf7 22.
fxg5 fxe5 23. Qf2 Rh7 24. Bc2 Rg7 25. Qf6 Qxf6 26. gxf6 Rg8 27. g5 e4 28. O-O-O
b5 29. a5 e5 30. h4 O-O-O 31. dxe5 Be6 32. Bd4 Bg4 33. Rd2 Ncxe5 34. Bxe5 Nxe5
35. Ne3 Nd3+ 36. Bxd3 Bf3 37. Rf1 cxd3 38. Rh2 d4 39. cxd4 Rxd4 40. Rb2 Rgd8
41. Kd2 R8d7 42. Rc1+ Rc7 43. Rxc7+ Kxc7 44. Rb1 Rd7 45. Rc1+ Kb7 46. Rc5 Rh7
47. Re5 Rxh4 48. f7 Rh2+ 49. Kc3 d2 50. f8=Q d1=Q 51. Nxd1 Bxd1 52. Re7+ Kc6
53. Qf6+ 1-0

[Event "13_Ascona_Chess_Open_2018"]
[Site "Hotel Ascona****, Via Signor i"]
[Date "2018.04.07"]
[Round "3.13"]
[White "Orsi, Graziano"]
[Black "Irrgang, Natascha"]
[Result "1-0"]
[WhiteElo "1440"]
[BlackElo "1161"]
[PlyCount "101"]
[EventDate "2018.04.06"]

1. d4 Nf6 2. c4 g6 3. Nc3 Bg7 4. e4 d6 5. Nf3 O-O 6. Be2 Nbd7 7. O-O e5 8. d5
c6 9. Bg5 h6 10. Bd2 cxd5 11. cxd5 b6 12. b4 Bb7 13. Nb5 Nxe4 14. Be3 a5 15.
Qc2 Bxd5 16. Qc7 axb4 17. Qxd8 Rfxd8 18. Nc7 Nec5 19. Nxd5 e4 20. Nd4 Ne6 21.
Rfd1 Nxd4 22. Bxd4 Bxd4 23. Rxd4 b3 24. Nc3 Rdc8 25. Rc4 Rxc4 26. Bxc4 Nc5 27.
Rb1 bxa2 28. Bxa2 b5 29. Bd5 Re8 30. Nxb5 e3 31. Nxd6 Re5 32. Bxf7+ Kg7 33.
fxe3 Rxe3 34. Rf1 Nd7 35. Bc4 Ne5 36. Rb1 h5 37. Rb8 Ng4 38. Rb1 Rc3 39. Be2
Ne3 40. Ne4 Rc2 41. Bd3 Rxg2+ 42. Kh1 Rd2 43. Nxd2 Nd5 44. Rg1 Nf4 45. Be4 Kf8
46. Rf1 g5 47. Nf3 Kg7 48. Nxg5 Kh6 49. Nf7+ Kg7 50. Rxf4 Kf8 51. Nd6+ 1-0

[Event "13_Ascona_Chess_Open_2018"]
[Site "Hotel Ascona****, Via Signor i"]
[Date "2018.04.07"]
[Round "3.14"]
[White "Cerusico, Carlo"]
[Black "Chockalingam, Krithik"]
[Result "0-1"]
[WhiteElo "1164"]
[BlackElo "1275"]
[PlyCount "84"]
[EventDate "2018.04.06"]

1. d4 Nf6 2. Bf4 e6 3. h3 Bb4+ 4. c3 Ba5 5. Nd2 Nc6 6. e4 d5 7. Bd3 dxe4 8.
Nxe4 Nxd4 9. Nxf6+ Qxf6 10. b4 Qxf4 11. bxa5 Nc6 12. Ne2 Qf6 13. Bb5 Bd7 14.
O-O Rd8 15. Qa4 a6 16. Bxc6 Bxc6 17. Qc2 O-O 18. Nd4 e5 19. Nxc6 Qxc6 20. Rfd1
Rd6 21. Rxd6 cxd6 22. Rb1 Rc8 23. Rb6 Qc7 24. Qb2 Qxc3 25. Qxc3 Rxc3 26. Rxb7
g6 27. Rb6 Ra3 28. Rxa6 Rxa2 29. Ra8+ Kg7 30. a6 d5 31. a7 d4 32. Kf1 d3 33.
Ke1 e4 34. Re8 Rxa7 35. Rxe4 Ra1+ 36. Kd2 Ra2+ 37. Ke3 Re2+ 38. Kxd3 Rxf2 39.
Rg4 f5 40. Rg3 Ra2 41. Kd4 Kf6 42. h4 Ra4+ 0-1

[Event "13_Ascona_Chess_Open_2018"]
[Site "Hotel Ascona****, Via Signor i"]
[Date "2018.04.08"]
[Round "4.1"]
[White "Naumkin, Igor"]
[Black "Akshat, Khamparia"]
[Result "0-1"]
[WhiteElo "2418"]
[BlackElo "2396"]
[PlyCount "100"]
[EventDate "2018.04.06"]

1. d4 Nf6 2. c4 g6 3. Nc3 Bg7 4. e4 d6 5. Nf3 O-O 6. Be2 e5 7. d5 a5 8. Bg5 h6
9. Bh4 g5 10. Bg3 Nh5 11. h4 g4 12. Nh2 Nxg3 13. fxg3 h5 14. O-O Na6 15. Bd3
Nc5 16. Bc2 Qe7 17. Qe2 f5 18. exf5 e4 19. Nxe4 Nxe4 20. Qxe4 Qxe4 21. Bxe4
Bxb2 22. Rad1 Be5 23. f6 Kf7 24. Rd3 Rh8 25. Rf2 Rh6 26. Nf1 Rxf6 27. Nd2 a4
28. Rxf6+ Kxf6 29. Kf2 Bd7 30. Nb1 Re8 31. Rd1 Bxg3+ 32. Kxg3 Rxe4 33. Nd2 Re2
34. Rf1+ Ke5 35. Rf7 Rxd2 36. Rxd7 Rd3+ 37. Kh2 Ra3 38. Rxc7 Rxa2 39. Rxb7 Rc2
40. Rh7 Rc1 41. Kg3 a3 42. Re7+ Kf5 43. Rf7+ Kg6 44. Ra7 Rc3+ 45. Kh2 Kf5 46.
Ra4 Ke5 47. Ra6 Rd3 48. Ra4 Kd4 49. Rb4 Kc3 50. Ra4 Kb2 0-1

[Event "13_Ascona_Chess_Open_2018"]
[Site "Hotel Ascona****, Via Signor i"]
[Date "2018.04.08"]
[Round "4.2"]
[White "Kohlweyer, Bernd"]
[Black "Medici, Simone"]
[Result "1-0"]
[WhiteElo "2336"]
[BlackElo "2288"]
[PlyCount "65"]
[EventDate "2018.04.06"]

1. d4 d6 2. e4 Nf6 3. f3 Nbd7 4. c4 e5 5. Ne2 Be7 6. Be3 O-O 7. Qd2 c6 8. Nbc3
Qc7 9. g4 Nb6 10. Ng3 Rd8 11. Rc1 Nfd7 12. Nf5 Bf8 13. d5 a5 14. Bg5 f6 15. Be3
Nc5 16. Ng3 Bd7 17. Be2 Nc8 18. h4 Be8 19. Kf2 Ne7 20. g5 Kh8 21. h5 Ng8 22.
Nf5 Bd7 23. Nh4 fxg5 24. Bxg5 Nh6 25. Rcg1 Be8 26. Bxh6 gxh6 27. Nf5 Qf7 28.
Nxh6 Bxh6 29. Qxh6 Rd7 30. Rh4 Re7 31. Qxd6 Nd7 32. Rhg4 Nf6 33. Qxf6+ 1-0

[Event "13_Ascona_Chess_Open_2018"]
[Site "Hotel Ascona****, Via Signor i"]
[Date "2018.04.08"]
[Round "4.3"]
[White "Aimi, Luca"]
[Black "Luciani, Valerio"]
[Result "0-1"]
[WhiteElo "1934"]
[BlackElo "2261"]
[PlyCount "60"]
[EventDate "2018.04.06"]

1. d4 d5 2. c4 e6 3. Nf3 Nf6 4. g3 c5 5. cxd5 exd5 6. Nc3 Nc6 7. Bg2 Be7 8. O-O
O-O 9. dxc5 Bxc5 10. Bg5 d4 11. Bxf6 Qxf6 12. Ne4 Qe7 13. Nxc5 Qxc5 14. Qd2 Bg4
15. Ne1 Rfe8 16. Nd3 Qb6 17. Rfe1 Rad8 18. Rac1 Ne5 19. Nxe5 Rxe5 20. Qf4 Qe6
21. Bf3 Bxf3 22. Qxf3 d3 23. Rcd1 d2 24. Rf1 Rxe2 25. Qc3 h5 26. f3 Qh3 27. Rf2
Rxf2 28. Kxf2 Qxh2+ 29. Ke3 Qxg3 30. Rxd2 Qe1+ 0-1

[Event "13_Ascona_Chess_Open_2018"]
[Site "Hotel Ascona****, Via Signor i"]
[Date "2018.04.08"]
[Round "4.4"]
[White "Neumann, Horst"]
[Black "Salzgeber, Frank"]
[Result "1/2-1/2"]
[WhiteElo "1817"]
[BlackElo "2217"]
[PlyCount "92"]
[EventDate "2018.04.06"]

1. d4 Nf6 2. Nf3 e6 3. Bg5 c5 4. e3 cxd4 5. Bxf6 Qxf6 6. Qxd4 Nc6 7. Qxf6 gxf6
8. c3 d5 9. Nbd2 f5 10. Bb5 a6 11. Ba4 b5 12. Bc2 Bd7 13. Nd4 Bd6 14. g3 Ne5
15. h3 h5 16. N4f3 Ng6 17. h4 Ke7 18. Rd1 Rac8 19. Bb1 Bc6 20. Nb3 Rhg8 21.
Nbd4 Bd7 22. Bd3 Nf8 23. Ng5 Ng6 24. Ngf3 f6 25. a3 Ne5 26. Nxe5 fxe5 27. Ne2
Bc6 28. Rg1 Bc5 29. Kd2 e4 30. Bc2 e5 31. Rdf1 Rcd8 32. Kc1 Bb6 33. Kb1 a5 34.
b4 a4 35. Rd1 Ke6 36. Kb2 Rd7 37. Rd2 Rc8 38. Rgd1 Bb7 39. Bb1 Bd8 40. Ba2 Bf6
41. Rc1 Rd6 42. Rcc2 Rcd8 43. Rd1 Ke7 44. Rcd2 Bc6 45. Bb1 Ba8 46. Bc2 Bb7
1/2-1/2

[Event "13_Ascona_Chess_Open_2018"]
[Site "Hotel Ascona****, Via Signor i"]
[Date "2018.04.08"]
[Round "4.5"]
[White "Boschetti, Claudio"]
[Black "Paterson, Andrew I"]
[Result "0-1"]
[WhiteElo "2124"]
[BlackElo "2017"]
[PlyCount "60"]
[EventDate "2018.04.06"]

1. e4 c5 2. Na3 Nc6 3. c3 g6 4. f4 Bg7 5. Nf3 Nf6 6. d3 O-O 7. Be2 d5 8. e5 Ne8
9. O-O d4 10. cxd4 cxd4 11. Nc2 f6 12. exf6 Nxf6 13. b4 a6 14. a4 Nd5 15. b5
Nc3 16. bxc6 Nxd1 17. Rxd1 bxc6 18. a5 Be6 19. Bd2 c5 20. Rdc1 c4 21. Rcb1 cxd3
22. Bxd3 Bf5 23. Nb4 Bxd3 24. Nxd3 Rb8 25. Re1 Qd6 26. Ng5 Rb3 27. Re6 Qb8 28.
Ne5 Rb1+ 29. Rxb1 Qxb1+ 30. Kf2 Qa2 0-1

[Event "13_Ascona_Chess_Open_2018"]
[Site "Hotel Ascona****, Via Signor i"]
[Date "2018.04.08"]
[Round "4.6"]
[White "Mata, Adilson"]
[Black "Fischer, Gerd"]
[Result "1/2-1/2"]
[WhiteElo "2032"]
[BlackElo "1842"]
[PlyCount "138"]
[EventDate "2018.04.06"]

1. d4 d6 2. Nf3 Nd7 3. e4 e5 4. c4 Ngf6 5. Nc3 Be7 6. Be2 O-O 7. O-O c6 8. Rb1
a5 9. a3 exd4 10. Qxd4 a4 11. Bf4 Nc5 12. Rfd1 Ne6 13. Qd2 Nxf4 14. Qxf4 Qa5
15. Rd2 Qc5 16. Rc2 Be6 17. Rbc1 Nd7 18. Nd1 Ne5 19. Nxe5 Qxe5 20. Qxe5 dxe5
21. Ne3 Bg5 22. Rd2 Bxe3 23. fxe3 Rfd8 24. Rxd8+ Rxd8 25. c5 Bb3 26. Rc3 Kf8
27. Rd3 Ke7 28. Rxd8 Kxd8 29. Bd3 Kc7 30. Kf2 b6 31. cxb6+ Kxb6 32. Ke2 Kc5 33.
Kd2 f6 34. Kc3 Bd1 35. Bf1 Bb3 36. Be2 g6 37. Bd3 Bd1 38. Bb1 Bb3 39. Bd3 Bd1
40. g3 h6 41. Kd2 Bb3 42. Be2 Kd6 43. Kd3 Kc5 44. Kc3 g5 45. Bh5 Kb5 46. Bg4
Kc5 47. Be2 Ba2 48. Bd1 Kb5 49. Bc2 Bf7 50. Bd3+ Kc5 51. Bc2 Kb5 52. Bd1 Bg6
53. Bc2 Bf7 54. b4 Bc4 55. Bd1 Bf1 56. Bh5 Bc4 57. Bg4 Bf1 58. Bc8 Be2 59. Be6
Bf1 60. Bf7 Be2 61. Bg6 Bf1 62. Bh5 Bc4 63. Bg4 Bf1 64. Bd1 Bc4 65. h4 Bf1 66.
Bc2 Be2 67. Bb1 Bf1 68. Bc2 Be2 69. Bb1 Bf1 1/2-1/2

[Event "13_Ascona_Chess_Open_2018"]
[Site "Hotel Ascona****, Via Signor i"]
[Date "2018.04.08"]
[Round "4.8"]
[White "Zecirovic, Giacomo"]
[Black "Syed, Amir"]
[Result "0-1"]
[WhiteElo "1595"]
[BlackElo "1775"]
[PlyCount "72"]
[EventDate "2018.04.06"]

1. e4 e5 2. Nf3 d6 3. Bc4 Be7 4. Nc3 Nf6 5. h3 c5 6. d3 a6 7. a4 Bd7 8. O-O O-O
9. Bg5 h6 10. Bh4 Nh7 11. Bxe7 Qxe7 12. Nd5 Qd8 13. a5 Nc6 14. Nb6 Rb8 15. c3
Ne7 16. d4 Bc6 17. dxc5 dxc5 18. Nxe5 Qc7 19. Nxc6 Nxc6 20. f4 Rbd8 21. Qe2 Ne7
22. Rad1 Nf6 23. b4 cxb4 24. cxb4 Nc6 25. Rc1 Qe7 26. e5 Ne8 27. Bxa6 Nxb4 28.
Bb5 Nc7 29. Qc4 Ne6 30. Nd7 Rc8 31. Qe4 Rfd8 32. Qxb7 Rb8 33. Qa7 Kh8 34. Ba4
Nd3 35. Rc3 Ndxf4 36. Rd1 Ne2+ 0-1

[Event "13_Ascona_Chess_Open_2018"]
[Site "Hotel Ascona****, Via Signor i"]
[Date "2018.04.08"]
[Round "4.9"]
[White "Odermatt, Christoph"]
[Black "Zani, Davide"]
[Result "0-1"]
[WhiteElo "1529"]
[BlackElo "1693"]
[PlyCount "98"]
[EventDate "2018.04.06"]

1. b4 e5 2. Bb2 d6 3. b5 Bd7 4. a4 f5 5. e3 Nf6 6. c4 Be7 7. Nf3 a6 8. Nc3 c6
9. d4 e4 10. Nd2 d5 11. c5 O-O 12. Be2 Qe8 13. O-O g5 14. f3 Qg6 15. fxe4 fxe4
16. Qe1 h5 17. Qg3 axb5 18. axb5 Rxa1 19. Rxa1 cxb5 20. Bxb5 Bxb5 21. Nxb5 Na6
22. Nd6 Ng4 23. Rf1 Rxf1+ 24. Nxf1 Bxd6 25. cxd6 Nb8 26. h3 Nf6 27. Qe5 Nbd7
28. Qe6+ Kh7 29. Qe7+ Qg7 30. Qd8 h4 31. Qc8 b6 32. Nh2 g4 33. hxg4 Nxg4 34.
Nxg4 Qxg4 35. Qc2 h3 36. Kh2 Qxg2+ 37. Qxg2 hxg2 38. Kxg2 Kg6 39. Kg3 Kf5 40.
Bc3 Ke6 41. Bb4 Nb8 42. Kg4 Nc6 43. Ba3 Na5 44. Bb4 Nc4 45. Kf4 Nxd6 46. Kg5
Nc4 47. Kf4 Nb2 48. Kg3 Nd3 49. Bc3 b5 0-1

[Event "13_Ascona_Chess_Open_2018"]
[Site "Hotel Ascona****, Via Signor i"]
[Date "2018.04.08"]
[Round "4.10"]
[White "Trivic, Zoran"]
[Black "Orsi, Graziano"]
[Result "1-0"]
[WhiteElo "1641"]
[BlackElo "1440"]
[PlyCount "91"]
[EventDate "2018.04.06"]

1. d4 d5 2. c4 c6 3. Nc3 Nf6 4. Nf3 g6 5. Bg5 Bg7 6. e3 Nbd7 7. Bd3 O-O 8. h3
Re8 9. cxd5 cxd5 10. Rc1 a6 11. O-O b5 12. Qb3 h6 13. Bf4 e6 14. Ne2 Nh5 15.
Bc7 Qe7 16. g4 Nhf6 17. Qc2 Bb7 18. Qb1 Nh7 19. h4 Ndf8 20. Bg3 Rac8 21. Nh2
Qd7 22. f4 f5 23. g5 h5 24. Be1 Rxc1 25. Nxc1 Rc8 26. Nb3 Rc7 27. Ba5 Rc6 28.
Nc5 Qc8 29. Bd2 Nd7 30. b4 Nb6 31. Nf3 Nf8 32. Kf2 Nfd7 33. Bc3 Kf7 34. Nd2 Nc4
35. Ndb3 Rb6 36. Ke2 Bc6 37. Rc1 Bf8 38. Nxd7 Bxd7 39. Nc5 Bd6 40. Rd1 Ke7 41.
Bxc4 bxc4 42. a3 a5 43. Rd2 axb4 44. axb4 Bxc5 45. dxc5 Bb5 46. cxb6 1-0

[Event "13_Ascona_Chess_Open_2018"]
[Site "Hotel Ascona****, Via Signor i"]
[Date "2018.04.08"]
[Round "4.11"]
[White "Zahner, Rolf"]
[Black "Coqueraut, Lodewyk"]
[Result "1/2-1/2"]
[WhiteElo "1497"]
[BlackElo "1612"]
[PlyCount "202"]
[EventDate "2018.04.06"]

1. e4 c5 2. Nf3 d6 3. Bc4 e6 4. Bb5+ Bd7 5. Bxd7+ Nxd7 6. O-O Ngf6 7. d3 Be7 8.
Nc3 a6 9. a4 Qc7 10. Bd2 O-O 11. Qe2 Rfe8 12. Bg5 Rac8 13. Rac1 Qb8 14. b3 b5
15. axb5 axb5 16. Ra1 b4 17. Na4 e5 18. Nb2 Nf8 19. Nc4 Ne6 20. Bd2 Nd7 21. Ra4
Nb6 22. Nxb6 Qxb6 23. Rfa1 Rb8 24. g3 h6 25. Ra7 Qd8 26. Kg2 Nc7 27. R7a4 Nb5
28. Qe1 Qd7 29. Qd1 Bf6 30. h3 d5 31. Nh2 dxe4 32. dxe4 Qd4 33. Qe2 Na3 34.
R1xa3 Red8 35. Be1 Qd1 36. Qxd1 Rxd1 37. Ra1 Rbd8 38. Nf3 g5 39. Kf1 h5 40. Ke2
R1d6 41. Ra6 g4 42. hxg4 hxg4 43. Nh2 Bg7 44. Rxd6 Rxd6 45. Nxg4 Rd4 46. f3 Rd6
47. Bf2 Rc6 48. Ra8+ Kh7 49. Ra5 c4 50. bxc4 Rxc4 51. Kd3 Rc3+ 52. Kd2 Rxf3 53.
Rb5 Bh6+ 54. Ke2 Rc3 55. Nxh6 Rxc2+ 56. Kf3 Kxh6 57. Rxb4 Kg6 58. Rb5 f6 59.
Rb6 Rc3+ 60. Kg4 Rc4 61. Kf3 Rc3+ 62. Be3 Rc2 63. Ra6 Rh2 64. Rd6 Rh1 65. Rd2
Rh5 66. Rd8 Rh1 67. Rd2 Rh5 68. Rg2 Rh3 69. Bg1 Rh7 70. Rh2 Rb7 71. Be3 Rb3 72.
Rh6+ Kg7 73. Rh2 Kg6 74. Re2 f5 75. exf5+ Kxf5 76. g4+ Ke6 77. Rd2 Rc3 78. Re2
Rc4 79. Kg3 Re4 80. Kf3 Rc4 81. Bh6 Kf6 82. Re4 Rc3+ 83. Be3 Ke6 84. g5 Kf5 85.
Rg4 Rc6 86. Rh4 Rc3 87. Rb4 Rc6 88. Rb5 Re6 89. Bf4 Re8 90. Rxe5+ Rxe5 91. Bxe5
Kxe5 92. Kg4 Ke6 93. Kf4 Ke7 94. Ke5 Kf7 95. Kf5 Kg7 96. g6 Kg8 97. Kf6 Kf8 98.
Kg5 Kg8 99. Kh6 Kh8 100. Kh5 Kg8 101. Kh6 Kh8 1/2-1/2

[Event "13_Ascona_Chess_Open_2018"]
[Site "Hotel Ascona****, Via Signor i"]
[Date "2018.04.08"]
[Round "4.12"]
[White "Strupat, Thomas"]
[Black "Udipi, Kala Kishan"]
[Result "1-0"]
[WhiteElo "1420"]
[BlackElo "1576"]
[PlyCount "59"]
[EventDate "2018.04.06"]

1. e4 c5 2. Nf3 d6 3. Bb5+ Bd7 4. Bxd7+ Qxd7 5. O-O Nc6 6. c3 h6 7. Na3 g5 8.
Nc2 Ne5 9. Nxe5 dxe5 10. Ne3 e6 11. Nc4 Qc7 12. Qa4+ Ke7 13. d3 f6 14. Be3 Kf7
15. Rac1 h5 16. d4 Be7 17. dxe5 fxe5 18. Rcd1 Kg6 19. Rd7 Qb8 20. Qb5 b6 21.
Qc6 Kf6 22. Bxg5+ Kxg5 23. Qxe6 Bf6 24. Qf5+ Kh6 25. Rfd1 b5 26. Nd6 a6 27.
Nf7+ Kg7 28. Nxh8+ Kf8 29. Qxh5 Qe8 30. Rf7+ 1-0

[Event "13_Ascona_Chess_Open_2018"]
[Site "Hotel Ascona****, Via Signor i"]
[Date "2018.04.08"]
[Round "4.13"]
[White "Tuor, Elena"]
[Black "Cerusico, Carlo"]
[Result "1-0"]
[WhiteElo "1469"]
[BlackElo "1164"]
[PlyCount "75"]
[EventDate "2018.04.06"]

1. d4 g6 2. e4 Bg7 3. Nc3 e6 4. Nf3 Ne7 5. Be3 d6 6. Bd3 a6 7. a4 b6 8. Qd2 h6
9. h3 Bb7 10. O-O Nd7 11. Ne2 e5 12. c3 d5 13. Ng3 dxe4 14. Bxe4 Bxe4 15. Nxe4
Nf5 16. b4 Nxe3 17. fxe3 f5 18. Nf2 e4 19. Nh2 Ne5 20. Rad1 Nc4 21. Qe2 Qd5 22.
g4 O-O-O 23. Nh1 Rdf8 24. Ng3 Bf6 25. gxf5 Bg5 26. fxg6 Rxf1+ 27. Nhxf1 Kb7 28.
Re1 Rg8 29. Kh2 Rxg6 30. Qg2 Bh4 31. Re2 Nd6 32. Rf2 Qg5 33. Rf4 Bxg3+ 34. Nxg3
Nf5 35. Qxe4+ c6 36. Rg4 Qxe3 37. Qxe3 Rxg4 38. Nxf5 1-0

[Event "13_Ascona_Chess_Open_2018"]
[Site "Hotel Ascona****, Via Signor i"]
[Date "2018.04.08"]
[Round "4.14"]
[White "Di Cicco, Daniela"]
[Black "Irrgang, Natascha"]
[Result "1-0"]
[WhiteElo "1200"]
[BlackElo "1161"]
[PlyCount "61"]
[EventDate "2018.04.06"]

1. d4 Nf6 2. Bf4 g6 3. e3 Bg7 4. Nd2 O-O 5. h3 d6 6. Ngf3 Nbd7 7. Be2 Re8 8. b3
e5 9. dxe5 dxe5 10. Bh2 Nd5 11. Bc4 N5b6 12. e4 a5 13. Ng1 Nc5 14. Qf3 Nxc4 15.
bxc4 b6 16. Ne2 Bb7 17. Rd1 Qe7 18. O-O Qe6 19. Qg4 Qe7 20. Nc3 Bc8 21. Qf3 Bb7
22. Nd5 Qd8 23. Nb3 Nxb3 24. cxb3 Qc8 25. Rfe1 Bxd5 26. Rxd5 c6 27. Rd3 Qb7 28.
Red1 Qc7 29. Rd7 Re7 30. Rxc7 Rxc7 31. Rd3 1-0